01069 2200229 4500001002100000005001500021035002000036007000300056008004100059020002200100082001400122084002000136100001900156245009200175250000600267260003100273300002800304700002100332650002900353520044000382990001700822INLIS00000000000036820260421103856 a0010-0323000262ta260421 b 1 ind  a978-623-206-410-2 a899.221.3 a899.221.3 WRI a0 aWrini Harlindi1 aAha, Aku Tahu :bseri aku suka membaca /cWrini Harlindi ; iliustrasi, Wedly Pramasurya a- aSolo :bTiga Ananda,c2020 a32 :bilus. ;c25 cme-0 aWedly Pramasurya 4aFiksi - Bacaan anak-anak aBuku ini adalah salah satu judul dari Seri Aku Suka Membaca yang dipersembahkan untuk anak-anak yang baru belajar membaca. Anak-anak akan menikmati petualangan Aruna dan teman-temannya yang suka membaca. Saat bermain teka-teki silang, Aruna dan Kak Banyu dapat menjawab banyak pertanyaan. Mereka tahu apa binatang terbesar. Mereka juga tahu apa nama ibu kota Provinsi Sumatra Barat. Dari mana mereka tahu, ya? Yuk, ikuti cerita mereka! a00071/0/2020